Franklin... of Theodore Roosevelt? - Statistieken

Algemene statistieken
  • Deze quiz is 8 keer genomen
  • De gemiddelde score is 12 van 18
Antwoordstatistieken
Vraag Antwoord % Correct
Was getrouwd met Eleanor Roosevelt Franklin
100%
Overleden als president Franklin
100%
Zei hij "het enige dat we te vrezen hebben is de angst zelf"? Franklin
100%
Had een groep wetten genaamd de New Deal Franklin
100%
Was president tijdens WOII Franklin
100%
Gebruikte een rolstoel voor een groot deel van zijn volwassen leven Franklin
100%
Was betrokken bij de bouw van het Panamakanaal Theodore
100%
Ging naar Afrika om olifanten, neushoorns en andere dieren te doden Theodore
100%
Diende als vicepresident van de Verenigde Staten Theodore
100%
Had het grootste deel van zijn volwassen leven een snor Theodore
100%
Zijn gezicht staat op het Amerikaanse dubbeltje Franklin
50%
Was lid van de Republikeinse Partij Theodore
50%
Zijn beeltenis is uitgehouwen in Mt. Rushmore Theodore
50%
Geboren in de staat New York Beide
0%
Diende als assistent-secretaris van de marine Beide
0%
Overleefde een moordaanslag Beide
0%
Rijk opgegroeid Beide
0%
Gediend in militaire gevechten Theodore
0%
Geen overeenkomende quizzen gevonden
Scoreverdeling
Procent van Mensen met Elke Score
Percentiel versus Aantal Correcte Antwoorden
Uw Scoregeschiedenis
U heeft deze quiz nog niet genomen